Państwa obu Ameryk A-Z - Statystyki

Ogólne statystyki
  • Ten quiz został rozwiązany 150 razy
  • Średni wynik to 21 z 23
Statystyki odpowiedzi
Litera Państwo/a % Poprawnych
I Brak
100%
Y Brak
100%
B Bahamy I Brazylia I Barbados I Belize I Boliwia
99%
F Brak
99%
O Brak
99%
R Brak
99%
Z Brak
99%
A Antigua i Barbuda I Argentyna
98%
L Brak
98%
P Paragwaj I Peru I Panama
97%
K Kostaryka I Kanada I Kolumbia I Kuba
96%
G Gujana I Grenada I Gwatemala
94%
H Honduras I Haiti
94%
S Surinam I Saint Kitts i Nevis I Saint Lucia I Saint Vincent i Grenadyny I Stany Zjednoczone I Slwador
94%
J Jamajka
91%
U Urugwaj
91%
C Chile
90%
D Dominika I Dominikana
90%
E Ekwador
89%
W Wenezuela
86%
M Meksyk
82%
N Nikaragua
78%
T Trynidad i Tobago
74%
Nie znaleziono quizów pasujących do podanych kryteriów
Rozkład punktacji
Procent ludzi z każdym wynikiem
Percentyl według liczby udzielonych odpowiedzi
Twoja historia wyników
Nie rozwiązałeś tego quizu